Loading...
| Science - Chemistry | 3 | 2 | 2 | 0 | 55 | 33 | 59.80 | 4 | 5 |
| Literature - World Literature | 0 | 6 | 2 | 0 | 50 | 93 | 113.83 | 1 | 6 |
| Science - Physics | 1 | 3 | 0 | 0 | 45 | 52 | 105.50 | 1 | 4 |
| Literature - European Literature | 0 | 4 | 0 | 0 | 40 | 85 | 120.00 | 2 | 4 |
| Fine Arts - Auditory Fine Arts | 0 | 3 | 0 | 1 | 30 | 127 | 142.67 | 0 | 3 |
| History - World History | 0 | 3 | 0 | 1 | 30 | 93 | 108.67 | 0 | 3 |
| Philosophy | 0 | 3 | 0 | 0 | 30 | 64 | 96.67 | 1 | 3 |
| History - European History | 1 | 1 | 0 | 0 | 25 | 47 | 75.50 | 2 | 2 |
| Science - Biology | 0 | 3 | 1 | 0 | 25 | 57 | 89.00 | 1 | 3 |
| Fine Arts - Other Fine Arts | 1 | 1 | 0 | 0 | 25 | 54 | 81.00 | 2 | 2 |
| Social Science | 0 | 3 | 1 | 0 | 25 | 92 | 107.00 | 0 | 3 |
| History - Other History | 0 | 2 | 1 | 0 | 15 | 72 | 90.00 | 1 | 2 |
| Literature - British Literature | 0 | 1 | 0 | 0 | 10 | 124 | 124.00 | 0 | 1 |
| Mythology | 0 | 1 | 0 | 0 | 10 | 122 | 122.00 | 0 | 1 |
| Religion | 0 | 1 | 0 | 0 | 10 | 130 | 130.00 | 1 | 1 |
| History - American History | 1 | 0 | 2 | 0 | 5 | 67 | 67.00 | 1 | 1 |
| Literature - American Literature | 1 | 0 | 2 | 0 | 5 | 50 | 50.00 | 1 | 1 |
| Science - Other Science | 0 | 0 | 1 | 0 | -5 | 0.00 | 0 | 0 |